Welcome to the Holygrace Academy Library

Please use search bar below to get started

NANCY DREW - MURDER ON THE SET (Record no. 7842)

MARC details
000 -LEADER
fixed length control field 00598nam a22001457a 4500
020 ## - INTERNATIONAL STANDARD BOOK NUMBER
ISBN 978-1-4169-3397-7
082 ## - DEWEY DECIMAL CLASSIFICATION NUMBER
Classification number 823
Item number KEE/N
100 ## - MAIN ENTRY--AUTHOR NAME
Personal name KENE, CAROLYN
245 ## - TITLE STATEMENT
Title NANCY DREW - MURDER ON THE SET
260 ## - PUBLICATION, DISTRIBUTION, ETC. (IMPRINT)
Place of publication NEW YORK
Name of publisher ALADDIN PAPERBACKS
Year of publication 2007
300 ## - PHYSICAL DESCRIPTION
Number of Pages 170
520 ## - SUMMARY, ETC.
Summary, etc A movie is being filmed in River Heights, and Nancy gets cast as the lead's stand-in. But word gets out that on the director's last film a stand-in was killed when a planned explosion went off prematurely, and this is the director's last chance at a comeback.
650 ## - SUBJECT ADDED ENTRY--TOPICAL TERM
Topical Term DETECTIVE
Geographic subdivision UNITED STATES
942 ## - ADDED ENTRY ELEMENTS (KOHA)
Koha item type Books
Holdings
Withdrawn status Lost status Collection code Home library Current library Shelving location Date acquired Source of acquisition Cost, normal purchase price Full call number Accession Number Koha item type
    Fiction Main Library Main Library NEW SHELF WITH NEW ENTRY 20/11/2023 purchase 250.00 823 KEE/N 13463 Books